| 000 | 00845nam a22002897a 4500 | ||
|---|---|---|---|
| 001 | 0003596 | ||
| 003 | KOHA_MİRAKIL | ||
| 005 | 20260207001341.0 | ||
| 007 | ta | ||
| 008 | 090413b1994 tu |||gr||||#||||0|tur | | ||
| 020 | _a9754511071 | ||
| 040 |
_aTR-BiSEU _btur _cTR-BiSEU _erda |
||
| 041 | 0 | _atur | |
| 044 | _ctu | ||
| 050 |
_aHS395 _b.S81 1994 |
||
| 100 | 1 | _aShort, Martin. | |
| 245 | 1 |
_aMasonların içinden/ _cMartin Short ; Martin Short; çev. Vedii Evsal. |
|
| 264 | 1 |
_aİstanbul : _bBoğaziçi Yayınları _c1994 |
|
| 300 | _a580 sayfa; 20 cm. | ||
| 336 |
_ametin _btxt _2rdacontent |
||
| 337 |
_aaracısız _bn _2rdamedia |
||
| 338 |
_acilt _bnc _2rdacarrier |
||
| 490 | 0 | _aBoğaziçi Yayınları A.Ş./183. | |
| 650 | 0 |
_aMasonluk--Türkiye. _98753 |
|
| 830 | 0 |
_aBoğaziçi Yayınları A.Ş./183. _98754 |
|
| 942 |
_2lcc _cBK |
||
| 999 |
_c3580 _d3580 |
||